Inazuma Eleven : Techniques de Jude Sharp - Statistiques

Statistiques générales
  • Ce quiz a été pris 24 fois
  • Le résultat moyen est 9 sur 13
Statistiques - réponses
Hint Réponse Première utilisation % Correct
DRI Ballon Illusoire S1
100%
TIR Éclair Pulvérisant S1
95%
TIR Tir Puissance 2 S1
95%
TIR Triangle de la Mort S2
86%
TIR Big Bang S3
81%
TIR Légende Suprême Film : Tous unis contre l'équipe Ultime Ogre !
71%
TIR Manchot Empereur n°2 S1
71%
TIR Tornade Puissance 2 S1
71%
TIR Triangle de la Mort 2 S2
71%
DRI Champ d'Énergie S3
67%
TIR Manchot Empereur n°3 S3
67%
TIR Volée de Manchot Orion
19%
TIR Death Crusher Zone Orion
5%
Aucun quiz correspondant
Distribution des résultats
% des personnes avec chaque résultat
Percentile par nombre de réponses
Votre historique - résultats
Vous n’avez pas pris ce quiz